[Event "Titled Tue 11th Feb Early"]
[Site "chess.com INT"]
[Date "2025.02.11"]
[Round "2"]
[White "Yoo, Christopher Woojin"]
[Black "Agdestein, S."]
[Result "1-0"]
[WhiteElo "2588"]
[BlackElo "2573"]
[PlyCount "77"]
[EventDate "2025.02.11"]

1. e4 e6 2. d3 d5 3. Nd2 c5 4. Ngf3 Nc6 5. g3 Nf6 6. Bg2 Be7 7. O-O O-O 8. Re1 b5 9. e5 Nd7 10. Nf1 a5 11. h4 b4 12. N1h2 a4 13. h5 ({RR} 13. Ng4 a3 14. b3 Ba6 15. Bg5 Nd4 16. Nxd4 cxd4 17. Qd2 Rc8 18. Rac1 Re8 19. Nh2 Qb6 20. Qf4 Bc5 21. Qg4 Kh8 22. Bxd5 Nxe5 23. Rxe5 exd5 24. Rce1 Rxe5 25. Rxe5 Bf8 26. Re2 h6 27. Bf4 f6 {Kuzubov,Y (2699)-Potkin,V (2574) Riadh 2017 1-0}) 13... h6 14. Ng4 a3 $146 ({RR} 14... Re8 15. Bf4 Bf8 16. Qd2 Nd4 17. Nxd4 cxd4 18. Nh2 Ba6 19. Nf3 Qb6 20. g4 b3 21. g5 hxg5 22. Bxg5 Rac8 23. cxb3 axb3 24. h6 Rc2 25. Qf4 Bxd3 26. hxg7 Bxg7 27. Nxd4 Rc4 28. axb3 Rxd4 29. Qg3 {Kovalev,V (2623)-Bellahcene,B (2512) Abu Dhabi 2021 0-1 (44)}) ({RR} 14... Re8 15. Bxh6 gxh6 16. Qd2 Nd4 17. Nxd4 cxd4 18. Nxh6+ Kg7 19. Bxd5 Ra5 20. Nxf7 Kxf7 21. Qh6 Nf8 22. Qf4+ Kg8 23. Bc6 Bd7 24. Be4 Bg5 25. Qg4 Kh8 26. Bg2 Bh6 27. Qxd4 Qe7 28. Re2 Rc8 29. Rf1 {Malik,M (2106)-Warchol,K (2191) Ustron POL 2024 ½-½ (48)}) ({RR} 14... Re8 15. Bf4 Bf8 16. Qd2 Nd4 17. Nxd4 cxd4 18. Nh2 Ba6 19. Nf3 Qb6 20. g4 b3 21. g5 hxg5 22. Bxg5 Rac8 23. cxb3 axb3 24. h6 Rc2 25. Qf4 Bxd3 26. hxg7 Bxg7 27. Nxd4 Rc4 28. axb3 Rxd4 29. Qg3 {Kovalev,V (2623)-Bellahcene,B (2512) Abu Dhabi 2021 0-1 (44)}) 15. b3 Re8 16. Bf4 Bf8 17. Qd2 Kh7 18. Bf1 Ba6 19. Re3 Rc8 20. Rae1 Nd4 21. Nxd4 cxd4 22. Rf3 Qe7 23. Be2 Rc3 24. Bd1 Rec8 25. Kg2 R8c6 26. Rh1 Qe8 27. Rh4 Qe7 28. Rh1 Qe8 29. Qe2 Be7 30. Bc1 f5 31. exf6 Nxf6 32. Ne5 Rc8 33. g4 Kg8 34. g5 hxg5 35. h6 g4 36. Rg3 g6 37. Nxg4 Kh7 38. Qxe6 R8c6 39. Nxf6+ 1-0

[Event "Titled Tue 11th Feb Early"]
[Site "chess.com INT"]
[Date "2025.02.11"]
[Round "4"]
[White "Nihal, Sarin"]
[Black "Eljanov, P."]
[Result "1-0"]
[WhiteElo "2687"]
[BlackElo "2658"]
[PlyCount "149"]
[EventDate "2025.02.11"]

1. Nf3 d5 2. g3 Nf6 3. Bg2 e6 4. O-O Be7 5. b3 O-O 6. Bb2 c5 7. e3 Nc6 8. d4 cxd4 9. Nxd4 Bd7 10. Nd2 Nxd4 11. Bxd4 Qc7 $146 ({RR} 11... Bc6 12. c4 Rc8 13. Rc1 Qa5 14. a4 Rfd8 15. Qe2 Ne4 16. Nxe4 dxe4 17. Qb2 f6 18. Rfd1 Bb4 19. Qc2 Qf5 20. Bxa7 Rd3 21. Bb6 h5 22. h3 h4 23. g4 Qg6 24. Bf1 Rc3 25. Qb2 Rd3 26. c5 {Vachier Lagrave,M (2780)-Aronian,L (2775) Moscow 2019 1-0 (60)}) 12. c4 Bc6 13. Rc1 Rad8 14. b4 e5 15. Bxa7 d4 16. exd4 Bxg2 17. Kxg2 b6 18. Qe2 exd4 19. Bxb6 Qxb6 20. Qxe7 Rfe8 21. Qc5 Qb7+ 22. Kg1 Re2 23. Rcd1 d3 24. Nb3 Ne4 25. Qf5 Qxb4 26. Qf3 Nd2 27. Nxd2 Rxd2 28. Rxd2 Qxd2 29. Rd1 Qc2 30. c5 g6 31. c6 h5 32. h4 d2 33. Kh2 Rd6 34. Qe2 Kg7 35. c7 Qxc7 36. Rxd2 Re6 37. Qf3 Qa7 38. Kg2 Rf6 39. Qc3 Qb7+ 40. Kh2 Qc6 41. Qa1 Kh7 42. a4 Qb6 43. Kg1 Re6 44. a5 Qa6 45. Ra2 Re7 46. Qf1 Qc6 47. Ra1 Ra7 48. a6 Qb6 49. Qc4 Qf6 50. Ra2 Qb6 51. Kg2 Qf6 52. Qd5 Qb6 53. Qf3 Kg7 54. Qc3+ Kh7 55. Qc4 Kg7 56. Ra3 Kg8 57. Kg1 Kg7 58. Qd3 Kh7 59. Kg2 Kg7 60. Kf3 Qf6+ 61. Kg2 Qb6 62. Qc4 Kg8 63. Rb3 Qxa6 64. Rb8+ Kh7 65. Qd4 f6 66. Qd8 Qc6+ 67. Kh2 g5 68. Qg8+ Kh6 69. hxg5+ fxg5 70. Qh8+ Rh7 71. Qf8+ Rg7 72. Qh8+ Rh7 73. Qd8 Rf7 74. Rb6 Rxf2+ 75. Kg1 1-0

[Event "Titled Tue 11th Feb Early"]
[Site "chess.com INT"]
[Date "2025.02.11"]
[Round "5"]
[White "Carlsen, M."]
[Black "Kozak, Adam"]
[Result "1-0"]
[WhiteElo "2833"]
[BlackElo "2601"]
[PlyCount "93"]
[EventDate "2025.02.11"]

1. Nf3 c5 2. e3 Nf6 3. d4 e6 4. c4 d5 5. cxd5 Nxd5 6. e4 Nf6 7. Nc3 cxd4 8. Nxd4 Nc6 $146 ({RR} 8... e5 9. Ndb5 Qxd1+ 10. Kxd1 Na6 11. Bc4 Bc5 12. Ke2 O-O 13. Bg5 Be6 14. Bxe6 fxe6 15. f3 h6 16. Be3 Bxe3 17. Kxe3 Nb4 18. Rac1 Rf7 19. Rhd1 a6 20. Nd6 Rd7 21. Nc4 Rad8 22. Rxd7 Nxd7 23. Rd1 {Slovineanu,V (2412)-Papp,B (2278) chess.com INT 2024 1-0 (75)}) ({RR} 8... a6 9. Be2 e5 10. Nb3 Qxd1+ 11. Bxd1 Be6 12. Be3 Bb4 13. Nc5 Nbd7 14. Nxe6 fxe6 15. f3 Rc8 16. Rc1 Ke7 17. Bd2 Nb6 18. Bb3 Nc4 19. Bxc4 Rxc4 20. Ne2 Bxd2+ 21. Kxd2 Rd8+ 22. Ke3 Rdc8 23. Rxc4 {Aronian,L (2782)-Mamedyarov,S (2782) chess24.com INT 2021 1-0 (74)}) ({RR} 8... Be7 9. Be2 O-O 10. O-O a6 11. a4 b6 12. e5 Nfd7 13. Bf3 Ra7 14. Re1 Bb7 15. Bf4 Qc8 16. Rc1 Bxf3 17. Qxf3 Rc7 18. Qg4 Re8 19. Ne4 Rxc1 20. Rxc1 Qb7 21. Nxe6 fxe6 22. Qxe6+ Kf8 23. Qf5+ {Zemlyanskii,I (2286)-Tomaszewski,K (2284) Chess.com INT 2022 ½-½}) 9. Nxc6 Qxd1+ 10. Nxd1 bxc6 11. f3 Bb4+ 12. Bd2 Rb8 13. Rc1 Bd7 14. Bxb4 Rxb4 15. b3 Ke7 16. Nb2 Rhb8 17. Rc5 Be8 18. Be2 R4b6 19. Kf2 Nd7 20. Ra5 R6b7 21. Rc1 Rc7 22. Ke3 f6 23. h4 h6 24. f4 Nb6 25. Nd3 Nd7 26. g4 Kd8 27. e5 Rb5 28. Rxb5 cxb5 29. Rxc7 Kxc7 30. Kd4 fxe5+ 31. Nxe5 Nf6 32. Bf3 Kd6 33. b4 Nd7 34. g5 Nxe5 35. fxe5+ Kc7 36. Kc5 hxg5 37. hxg5 a6 38. Bd1 Bd7 39. Bb3 Bc8 40. a4 bxa4 41. Bxa4 Bb7 42. Bb3 Bc8 43. Bc4 Kd7 44. Kb6 Ke7 45. Bxa6 Bd7 46. Kc7 Ba4 47. b5 1-0

[Event "Titled Tue 11th Feb Early"]
[Site "chess.com INT"]
[Date "2025.02.11"]
[Round "5"]
[White "Donchenko, Alexa"]
[Black "Tregubov, P."]
[Result "1-0"]
[WhiteElo "2632"]
[BlackElo "2554"]
[PlyCount "105"]
[EventDate "2025.02.11"]

1. Nf3 d5 2. e3 Nf6 3. c4 e6 4. Nc3 Be7 5. b3 O-O 6. Bb2 b6 7. cxd5 exd5 8. Qc2 ({RR} 8. g3 c6 9. Bg2 Ba6 10. d3 Nbd7 11. O-O Nc5 12. Ne5 Rc8 13. b4 Ncd7 14. Nxd7 Qxd7 15. a3 c5 16. bxc5 bxc5 17. Re1 Rb8 18. Rb1 Rfd8 19. Ba1 h6 20. Rxb8 Rxb8 21. Qc2 c4 22. dxc4 Bxc4 {Santos Latasa,J (2628)-Sjugirov,S (2646) chess.com INT 2024 0-1 (39)}) ({RR} 8. d4 Bb7 9. Bd3 Bd6 10. Nb5 Bb4+ 11. Bc3 Be7 12. Bb2 a6 13. Nc3 Bd6 14. O-O Nbd7 15. Ne2 Ne4 16. a4 Qe7 17. a5 b5 18. Ng3 f5 19. Qc1 Rae8 20. Ba3 b4 21. Bb2 g6 22. Qc2 Rf7 {Donchenko,A (2632)-Zhu,J (2514) chess.com INT 2025 1-0 (74)}) 8... c5 9. d4 Nc6 10. Bb5 ({RR} 10. dxc5 bxc5 11. Bb5 Nb4 12. Qd2 d4 13. exd4 cxd4 14. Na4 Qa5 15. Nxd4 Ne4 16. Qe2 {½-½ (16) Lin,C (1962)-Soojay,J (1905) Cape Town RSA 2025}) 10... Bb7 $146 ({RR} 10... Nb4 11. Qb1 c4 12. bxc4 a6 13. a3 axb5 14. cxb5 Na6 15. bxa6 Bxa6 16. Ne5 Bd6 17. Qf5 Re8 18. f3 Rc8 19. Kf2 Qe7 20. Rhd1 g6 21. Qb1 Qe6 22. Kg1 Nh5 23. e4 Nf4 24. exd5 Nxd5 25. Ne4 {Flores,D (2604)-Teran Alvarez,I (2392) Linares 2019 1-0}) ({RR} 10... Nb4 11. Qb1 c4 12. bxc4 a6 13. Ba3 axb5 14. Bxb4 bxc4 15. O-O Bxb4 16. Qxb4 Bf5 17. Ne5 Re8 18. a4 Re6 19. Ra2 h5 20. Rfa1 Ra5 21. Rb2 Ng4 22. Nf3 Be4 23. Nd2 Qh4 24. Ncxe4 Qxh2+ 25. Kf1 {Chueca Forcen,A (2358)-Esplugas Esteve,V (2338) Barcelona 2020 0-1}) 11. O-O cxd4 12. exd4 a6 13. Bxc6 Bxc6 14. Ne5 Rc8 15. Rfe1 Bd7 16. Qd3 b5 17. Rad1 Be6 18. Re3 Qc7 19. h3 b4 20. Na4 Qc2 21. Re2 Qxd3 22. Nxd3 Ne4 23. f3 Nc3 24. Bxc3 bxc3 25. Rc2 Bd7 26. Nxc3 Bf5 27. Nxd5 Bd6 28. Rxc8 Rxc8 29. Nc5 Kf8 30. g4 Bg6 31. Rd2 Bxc5 32. dxc5 Rxc5 33. Kf2 Rc1 34. h4 h5 35. Nf4 hxg4 36. Nxg6+ fxg6 37. fxg4 Rc3 38. Ke2 Rh3 39. Rd6 Rh2+ 40. Kd3 Rxa2 41. Rxg6 a5 42. Ra6 Kf7 43. g5 Rh2 44. Rxa5 Rxh4 45. Re5 Kg6 46. Kc3 Kh5 47. b4 Rh1 48. b5 Rb1 49. Kc4 Kg4 50. Kc5 Kf4 51. Rd5 Ke4 52. Kc6 g6 53. Rc5 1-0

[Event "Titled Tue 11th Feb Early"]
[Site "chess.com INT"]
[Date "2025.02.11"]
[Round "6"]
[White "Murzin, Volodar"]
[Black "Kobalia, M."]
[Result "1-0"]
[WhiteElo "2657"]
[BlackElo "2538"]
[PlyCount "41"]
[EventDate "2025.02.11"]

1. Nf3 d5 2. b3 g6 3. Bb2 Nf6 4. e3 Bg7 5. c4 c6 6. Nc3 O-O 7. Be2 Ne4 8. Qc1 Nxc3 9. Bxc3 Bxc3 ({RR} 9... Qd6 10. Bxg7 Kxg7 11. Qc3+ f6 12. d4 Be6 13. O-O Nd7 14. Rac1 a5 15. Nd2 Qb4 16. Qb2 dxc4 17. a3 Qb5 18. Qc3 a4 19. bxc4 Qa5 20. c5 Qc7 21. Rb1 b6 22. cxb6 Nxb6 23. Rfc1 Rfc8 24. Ne4 {Kraus,T (2481)-Fizer,M (2186) Teplice CZE 2024 1-0 (38)}) 10. Qxc3 Nd7 11. h4 $146 ({RR} 11. d4 Nf6 12. Nd2 Qd6 13. O-O Bg4 14. f3 Bf5 15. Bd3 Bxd3 16. Qxd3 e5 17. Rad1 Rfe8 18. Rfe1 Rad8 19. c5 Qc7 20. Re2 exd4 21. exd4 Rxe2 22. Qxe2 Re8 23. Qf2 Qa5 24. Nf1 Nh5 25. g3 f5 {Obon Temprano,S (2194)-Lund,G (2321) chess.com INT 2023 1-0 (54)}) ({RR} 11. d4 Nf6 12. Nd2 Qd6 13. O-O Bg4 14. f3 Bf5 15. Bd3 Bxd3 16. Qxd3 e5 17. Rad1 Rfe8 18. Rfe1 Rad8 19. c5 Qc7 20. Re2 exd4 21. exd4 Rxe2 22. Qxe2 Re8 23. Qf2 Qa5 24. Nf1 Nh5 25. g3 f5 {Obon Temprano,S (2194)-Lund,G (2321) chess.com INT 2023 1-0 (54)}) 11... Nf6 12. h5 Nxh5 13. Ng5 e5 14. Nxh7 Kxh7 15. Bxh5 gxh5 16. Qxe5 f5 17. Rxh5+ Kg6 18. Qh2 Be6 19. Rh6+ Kf7 20. Qe5 Qg5 21. Rh7+ 1-0

[Event "Titled Tue 11th Feb Early"]
[Site "chess.com INT"]
[Date "2025.02.11"]
[Round "8"]
[White "Svane, R."]
[Black "Theodorou, Nikolas"]
[Result "1-0"]
[WhiteElo "2621"]
[BlackElo "2611"]
[PlyCount "165"]
[EventDate "2025.02.11"]

1. Nf3 Nf6 2. g3 g6 3. Bg2 Bg7 4. O-O O-O 5. d4 b6 6. c4 Bb7 7. Nc3 Ne4 8. Nxe4 Bxe4 9. Be3 d6 10. Qd2 c5 11. Rfd1 ({RR} 11. Bh6 Nd7 12. Rfd1 Nf6 13. Rac1 Qc7 14. b3 cxd4 15. Nxd4 Bxg2 16. Kxg2 Qb7+ 17. f3 Rfc8 18. e4 a6 19. a4 Rc5 20. Bxg7 Kxg7 21. Rc2 Nd7 22. Rdc1 Kg8 23. h4 Rac8 24. b4 Re5 25. Rb1 Qa8 {Radjabov,T (2788)-Kramnik,V (2797) Istanbul 2012 ½-½ (37)}) ({RR} 11. Bh6 Nd7 12. Bxg7 Kxg7 13. Rfd1 Nf6 14. Rac1 cxd4 15. Nxd4 Bxg2 16. Kxg2 Rc8 17. b3 Qd7 18. Qd3 a6 19. a4 Rc5 20. e4 Rfc8 21. f3 Kg8 22. Qe2 Qc7 23. Qe1 Qb7 24. h4 e6 25. Qd2 Qe7 {Mirzoev,A (2429)-Dardha,D (2608) Spilimbergo ITA 2024 ½-½ (40)}) 11... Nd7 12. Rac1 Rc8 13. b3 Nf6 $146 ({RR} 13... Qc7 14. Bh6 Nf6 15. Bxg7 Kxg7 16. d5 b5 17. Ng5 Bxg2 18. Kxg2 bxc4 19. Rxc4 Qb7 20. e4 Nd7 21. Qc3+ Kg8 22. Qe3 Nb6 23. Rc2 a5 24. h4 h6 25. Nh3 Kg7 26. f4 Qd7 27. f5 gxf5 28. Nf4 {Micic,A (2235)-Fantinel,T (2418) chess.com INT 2023 0-1 (40)}) ({RR} 13... Qc7 14. Bh6 Nf6 15. Bxg7 Kxg7 16. d5 b5 17. Ng5 Bxg2 18. Kxg2 bxc4 19. Rxc4 Qb7 20. e4 Nd7 21. Qc3+ Kg8 22. Qe3 Nb6 23. Rc2 a5 24. h4 h6 25. Nh3 Kg7 26. f4 Qd7 27. f5 gxf5 28. Nf4 {Micic,A (2235)-Fantinel,T (2418) chess.com INT 2023 0-1 (40)}) 14. Bh3 Rb8 15. d5 Bxf3 16. exf3 b5 17. Re1 Re8 18. Bf1 b4 19. Bd3 a5 20. Bc2 Nd7 21. Qe2 Bc3 22. Red1 Ra8 23. Kg2 Bf6 24. h4 a4 25. bxa4 Nb6 26. h5 Nxa4 27. Bxa4 Rxa4 28. Rh1 g5 29. f4 gxf4 30. Bxf4 Qa8 31. Rc2 Kh8 32. Re1 Qa6 33. Qf3 Ra3 34. Qg4 Qc8 35. Qe2 Rg8 36. Bc1 Ra7 37. Bb2 Qf5 38. Bxf6+ Qxf6 39. Rd2 h6 40. Rd3 Rga8 41. Rf3 Qg7 42. Rf4 f6 43. Rg4 Qf8 44. Rg6 Rxa2 45. Qe3 b3 46. Rxh6+ Kg7 47. Rg6+ Kh7 48. Qxe7+ Qxe7 49. Rxe7+ Kh8 50. Rb7 b2 51. Rh6+ Kg8 52. Rg6+ Kh8 53. h6 R8a7 54. Rgg7 Rxb7 55. Rxb7 Ra4 56. Rxb2 Ra6 57. Rb7 Ra4 58. Rd7 Rxc4 59. Rxd6 Rd4 60. Kh3 f5 61. f4 c4 62. Kh4 Rd3 63. Rc6 c3 64. d6 Kh7 65. Kh5 c2 66. Rc7+ Kh8 67. Rxc2 Rxg3 68. Rc8+ Kh7 69. Rc7+ Kh8 70. d7 Rd3 71. Kg6 Rd6+ 72. Kxf5 Rd1 73. Ke5 Re1+ 74. Kf6 Rd1 75. f5 Rd6+ 76. Ke5 Rd1 77. Rc8+ Kh7 78. d8=Q Re1+ 79. Kf4 Rf1+ 80. Ke3 Re1+ 81. Kf2 Re8 82. Qxe8 Kxh6 83. Qg6# 1-0

[Event "Titled Tue 11th Feb Early"]
[Site "chess.com INT"]
[Date "2025.02.11"]
[Round "9"]
[White "Carlsen, M."]
[Black "Bartel, Mat"]
[Result "1-0"]
[WhiteElo "2833"]
[BlackElo "2629"]
[PlyCount "121"]
[EventDate "2025.02.11"]

1. Nf3 Nf6 2. g3 b5 3. Bg2 Bb7 4. O-O b4 ({RR} 4... e6 5. Na3 a6 6. b3 c5 7. c4 Qb6 8. Bb2 d5 9. Nc2 Be7 10. cxd5 Bxd5 11. Ne3 Bb7 12. d4 Nbd7 13. d5 Bxd5 14. Nxd5 exd5 15. Nh4 Qe6 16. Qc2 O-O 17. Nf5 Rfe8 18. Bh3 Qc6 19. Rad1 {Markos,J (2571)-Bartel,M (2601) Prievidza 2009 0-1}) 5. c4 $146 ({RR} 5. d3 e6 6. e4 a5 7. Nbd2 Be7 8. e5 Nd5 9. Ne4 O-O 10. c4 Nb6 11. Qe2 h6 12. d4 d5 13. exd6 cxd6 14. c5 Ba6 15. Qe3 Bxf1 16. Bxf1 Nd5 17. Qe1 Nc6 18. Bc4 Re8 19. b3 Nf6 {Loay,S (2209)-Bryakin,M (2481) chess.com INT 2023 0-1 (78)}) ({RR} 5. d3 e6 6. e4 a5 7. Nbd2 Be7 8. e5 Nd5 9. Ne4 O-O 10. c4 Nb6 11. Qe2 h6 12. d4 d5 13. exd6 cxd6 14. c5 Ba6 15. Qe3 Bxf1 16. Bxf1 Nd5 17. Qe1 Nc6 18. Bc4 Re8 19. b3 Nf6 {Loay,S (2209)-Bryakin,M (2481) chess.com INT 2023 0-1 (78)}) 5... bxc3 6. bxc3 e6 7. c4 c5 8. Nc3 Nc6 9. Rb1 Rb8 10. d3 Ba8 11. Rxb8 Qxb8 12. Qa4 Bd6 13. Nb5 O-O 14. Nxd6 Qxd6 15. Ba3 Rb8 16. Rd1 Qe7 17. Nd2 Nd4 18. Bxa8 Rxa8 19. Kf1 Qd6 20. e3 Nc6 21. d4 e5 22. d5 Nb4 23. Bxb4 cxb4 24. Qa5 Ng4 25. h3 Nh6 26. Nb3 Nf5 27. c5 Qg6 28. Qxb4 Nxg3+ 29. fxg3 Qxg3 30. Qg4 Qxe3 31. Kg2 f5 32. Qf3 Qg5+ 33. Kh1 e4 34. Qg2 Qf6 35. d6 Rc8 36. Qd2 Qh4 37. Kg2 Kh8 38. Qf2 Qg5+ 39. Kh1 Qf6 40. Rd5 g6 41. Qd4 Kg7 42. Qxf6+ Kxf6 43. Nd4 h5 44. c6 Kf7 45. cxd7 Rd8 46. h4 Rxd7 47. Kg2 Kf6 48. Kg3 e3 49. Kf3 a6 50. Kxe3 Rd8 51. Kf4 Rd7 52. a4 a5 53. Ke3 Rd8 54. Nc6 Rd7 55. Kd4 Ke6 56. Kc5 f4 57. Re5+ Kf6 58. Kd5 f3 59. Re3 g5 60. Rxf3+ Kg6 61. Ne5+ 1-0

[Event "Titled Tue 11th Feb Early"]
[Site "chess.com INT"]
[Date "2025.02.11"]
[Round "10"]
[White "Shuvalova, Polina"]
[Black "Agdestein, S."]
[Result "1-0"]
[WhiteElo "2508"]
[BlackElo "2573"]
[PlyCount "115"]
[EventDate "2025.02.11"]

1. Nf3 Nf6 2. g3 b6 3. Bg2 Bb7 4. O-O e6 5. c4 c5 6. b3 Be7 7. Bb2 O-O 8. d4 cxd4 9. Qxd4 d6 10. Nc3 Nbd7 11. Rad1 a6 12. h3 ({RR} 12. Nh4 Bxg2 13. Nxg2 Qc7 14. Ne4 Rfd8 15. Ne3 Qc6 16. Nxf6+ Bxf6 17. Qd2 Bxb2 18. Qxb2 b5 19. Rd4 bxc4 20. Rxc4 Qb7 21. Rfc1 Nc5 22. Rg4 g6 23. Rgc4 f5 24. Qf6 Qg7 25. Qxg7+ Kxg7 26. b4 Nd7 {Andreikin,D (2725)-Lysyj,I (2606) Chess.com INT 2021 ½-½ (60)}) ({RR} 12. Qf4 Qc7 13. Rfe1 Rac8 14. e4 Ne5 15. Qd2 Rfd8 16. Nd4 h5 17. Qe2 Ng6 18. Bh3 Nf8 19. f4 b5 20. cxb5 axb5 21. Qxb5 d5 22. e5 Ne4 23. Nxe4 dxe4 24. Bg2 Bc5 25. Kh1 h4 26. b4 Bxd4 {Van Meegen,R (2291)-Feuerstack,A (2487) Maastricht NED 2024 ½-½ (52)}) ({RR} 12. h4 Qc7 13. Qd2 Rfd8 14. Rfe1 Nc5 15. Qc2 Nce4 16. Ng5 Nxg5 17. hxg5 Nd7 18. f4 Bxg2 19. Kxg2 Rac8 20. Rh1 Nf8 21. a4 Qc6+ 22. Qe4 Qxe4+ 23. Nxe4 d5 24. cxd5 exd5 25. Nc3 d4 26. Ne4 Rc2 {Shuvalova,P (2497)-Mago Perez,V (2148) chess.com INT 2023 1-0 (49)}) 12... Qb8 13. g4 $146 ({RR} 13. e4 b5 14. cxb5 axb5 15. Qb4 Qe8 16. Rfe1 Bc6 17. Qd4 e5 18. Qd2 b4 19. Nd5 Bxd5 20. exd5 Rxa2 21. Ra1 Rxa1 22. Rxa1 Nc5 23. Qxb4 Nd3 24. Qc3 Nxb2 25. Qxb2 Nxd5 26. Ra7 e4 27. Ne1 Bf6 {Scheipl,R (2340)-Wachinger,G Passau 1979 ½-½ (33)}) 13... Rc8 14. g5 Ne8 15. h4 b5 16. cxb5 axb5 17. Rc1 Bc6 18. h5 b4 19. Na4 e5 20. Qg4 Bxa4 21. bxa4 Nc5 22. Nxe5 dxe5 23. Bxa8 Qxa8 24. Bxe5 Ne6 25. g6 Nf6 26. Qf5 hxg6 27. hxg6 Re8 28. Rfd1 Nf8 29. gxf7+ Kxf7 30. Rc7 Qe4 31. Qxe4 Nxe4 32. a5 Ne6 33. Rc4 N4c5 34. Rd5 Ra8 35. Rxb4 Rxa5 36. Rb2 Ra4 37. Rc2 Ne4 38. f3 Nf6 39. Rb5 Nd7 40. Bc3 Bc5+ 41. Kf1 Rc4 42. Rb7 Ke8 43. Rd2 Rxc3 44. Rdxd7 Rc1+ 45. Kg2 Rg1+ 46. Kh2 Rg6 47. Rd5 Be3 48. Rh5 Bf4+ 49. Kh1 Bc7 50. Rh8+ Kd7 51. Rh4 Kc6 52. Rb3 Be5 53. Rc4+ Kd7 54. Rd3+ Ke7 55. e3 Rh6+ 56. Kg1 Bd6 57. f4 Rh5 58. a4 1-0

[Event "Titled Tue 11th Feb Early"]
[Site "chess.com INT"]
[Date "2025.02.11"]
[Round "11"]
[White "Carlsen, M."]
[Black "Indjic, A."]
[Result "1-0"]
[WhiteElo "2833"]
[BlackElo "2650"]
[PlyCount "79"]
[EventDate "2025.02.11"]

1. Nf3 d5 2. g3 Bg4 3. c4 Bxf3 4. exf3 dxc4 5. Bxc4 e6 6. d4 Nf6 7. Nc3 c6 8. O-O Nbd7 9. Be3 Be7 10. Qe2 O-O 11. Rfd1 $146 ({RR} 11. h4 Re8 12. Rad1 a5 13. a3 Nb6 14. Ba2 Nbd5 15. Bc1 Qb6 16. Ne4 Rad8 17. Kg2 h6 18. Rfe1 Nc7 19. Bb1 Nb5 20. Qd3 Nxd4 21. Be3 c5 22. Nxf6+ Bxf6 23. Qh7+ Kf8 24. g4 Nc6 25. g5 hxg5 {Carlsen,M (2832)-Indjic,A (2611) chess.com INT 2024 1-0}) ({RR} 11. h4 Re8 12. Rad1 a5 13. a3 Nb6 14. Ba2 Nbd5 15. Bc1 Qb6 16. Ne4 Rad8 17. Kg2 h6 18. Rfe1 Nc7 19. Bb1 Nb5 20. Qd3 Nxd4 21. Be3 c5 22. Nxf6+ Bxf6 23. Qh7+ Kf8 24. g4 Nc6 25. g5 hxg5 {Carlsen,M (2832)-Indjic,A (2611) chess.com INT 2024 1-0}) 11... a5 12. a3 Nb6 13. Ba2 Nbd5 14. Ne4 Nxe3 15. Nxf6+ Bxf6 16. fxe3 Qb6 17. Rac1 Rfd8 18. Rc2 Rd7 19. Kg2 Rad8 20. f4 g6 21. Rcd2 h5 22. h3 Kg7 23. Bc4 Qc7 24. Qf3 b5 25. Be2 Qb6 26. Rc2 Rc7 27. Rdc1 Rdc8 28. g4 hxg4 29. hxg4 c5 30. g5 Be7 31. Rh1 Rh8 32. Rxh8 Kxh8 33. d5 c4 34. Qh3+ Kg7 35. Rc1 Bc5 36. Qh6+ Kg8 37. Rh1 Bd4 38. exd4 Qxd4 39. dxe6 c3 40. bxc3 1-0

[Event "Chessable Masters Play-In"]
[Site "chess.com INT"]
[Date "2025.02.17"]
[Round "1"]
[White "Muradli, Mahammad"]
[Black "Martinez Alcantara, Jose Eduardo"]
[Result "1-0"]
[WhiteElo "2588"]
[BlackElo "2606"]
[PlyCount "69"]
[EventDate "2025.02.17"]

1. Nf3 {Ribli,Zoltan} c5 2. c4 Nc6 3. Nc3 g6 4. e3 ({RR} 4. d4 cxd4 5. Nxd4 Bg7 6. e3 ({RR} 6. Nc2 Bxc3+ 7. bxc3 Qa5) 6... Nf6) 4... Bg7 5. d4 d6 6. d5 ({RR} 6. h3) 6... Na5 ({RR} 6... Bxc3+ 7. bxc3 Na5 8. e4 Nf6 9. e5 dxe5 10. Nxe5 O-O 11. Be2 Nd7 12. Nxd7 Bxd7 13. O-O b6 14. Bh6 Re8 15. Qd2 Nb7 16. Rfe1 Nd6 17. Bf1 f6) 7. Bd2 Nf6 ({RR} 7... b6 8. Bd3 Nf6 9. h3 O-O 10. e4 e5 11. O-O a6 12. Rb1 Nh5 13. Re1 Rb8 14. b3 Qe8 15. Qc1 f5 16. Na4 Qd8 17. exf5 gxf5 18. Ng5 b5 19. Nc3 b4 20. Nd1 Nb7 21. Be2 Qe8 22. g4) ({RR} 7... Bd7 8. a3 b6 9. b4 Nb7 10. Rb1 Nf6 11. e4 O-O 12. Bd3 cxb4 13. axb4 a5 14. O-O Bg4 15. h3 Bxf3 16. Qxf3 Nd7 17. Qe2 axb4 18. Rxb4 Nbc5 19. Bc2 Ra3 20. Nb5 Ra2 21. Bb1 Ra1 22. Bc3 {Stefansson,V (2550)-Martinez Alcantara,J (2606) chess.com INT 2025 1-0 (107)}) 8. b3 $146 ({RR} 8. a3 b6 9. b4 Nb7 10. Bd3 O-O 11. O-O e6 12. e4 exd5 13. cxd5 ({RR} 13. exd5) 13... a5 14. Rb1 axb4 15. axb4 Bd7 ({RR} 15... cxb4 16. Rxb4 Nc5 17. Bb5) 16. h3 Ra3 17. Qc2 Qc8 18. Rfc1 c4 19. Bf1 Re8 20. Re1 Nh5 21. Qc1 Qa8 ({RR} 21... Ra8) 22. Ra1 ({RR} 22. Bxc4 Rc8 23. Rb3 Rxb3 24. Bxb3 Nf4) 22... Rxa1 {Gurevich,M (2610)-Bologan,V (2585) Belfort 1998 CBM 069 [Ribli,Zoltan] ½-½ (53)}) ({RR} 8. Bd3 O-O 9. O-O e6 10. e4 exd5 11. cxd5 a6 12. a4 Re8 13. Re1 Bg4 14. Ra3 Nd7 15. h3 Bxf3 16. Qxf3 Ne5 17. Qe2 Qb6 18. Bc1 Nb3 19. Be3 Nd4 20. Bxd4 cxd4 21. Nd1 Qb4 22. Kf1 Bh6 {Oparin,G (2681)-Firouzja,A (2777) chess.com INT 2023 0-1 (48)}) ({RR} 8. e4 Bg4 9. h3 Bxf3 10. Qxf3 Nd7 11. Qd1 O-O 12. Be2 a6 13. O-O Rb8 14. Rb1 b5 15. cxb5 axb5 16. Nxb5 c4 17. Qa4 Ra8 18. Qc2 Qb6 19. a4 Rfc8 20. Be3 Qb7 21. Nd4 Ne5 22. Rfd1 Rab8 {Halkias,S (2508)-Martinez Alcantara,J (2611) chess.com INT 2023 1-0 (47)}) 8... O-O 9. Be2 e5 10. O-O b6 11. e4 Ne8 12. Ne1 f5 13. exf5 gxf5 14. f4 e4 15. Nc2 a6 16. Ne3 Ra7 17. Kh1 Nf6 18. Rg1 Kh8 19. Qc2 Re7 20. Raf1 Nb7 21. Bc1 Qe8 22. Bb2 Qg6 23. Na4 b5 24. Nb6 h5 25. Nxc8 Rxc8 26. h3 Qh7 27. g3 bxc4 28. Bxc4 Nd8 29. Rf2 Ng8 30. Rh2 Bxb2 31. Qxb2+ Rg7 32. g4 Ne7 33. gxf5 Ng8 34. Rhg2 Rcc7 35. f6 1-0

[Event "Chessable Masters Play-In"]
[Site "chess.com INT"]
[Date "2025.02.17"]
[Round "2"]
[White "Pantsulaia, L."]
[Black "Sanal, V."]
[Result "1-0"]
[WhiteElo "2522"]
[BlackElo "2557"]
[PlyCount "165"]
[EventDate "2025.02.17"]

1. Nf3 Nf6 2. g3 g6 3. b3 Bg7 4. Bb2 c5 5. c4 Nc6 6. Bg2 d6 7. O-O O-O 8. d4 cxd4 9. Nxd4 Bd7 10. Nc2 a6 11. Nc3 Rb8 12. Nd5 Nxd5 13. Bxg7 Kxg7 14. cxd5 Ne5 15. Qd4 Kg8 16. Ne3 Qa5 $146 ({RR} 16... Bb5 17. f4 Nd7 18. a4 Bxe2 19. Rf2 Nc5 20. Ra3 Bh5 21. g4 b5 22. axb5 axb5 23. b4 Nd7 24. gxh5 Qc7 25. Rc2 Qb7 26. Ra7 Qb6 27. Qxb6 Nxb6 28. Rxe7 Rfe8 29. Rxe8+ Rxe8 30. Ng4 Kg7 31. h6+ {Terry,R (2504)-Friedel,J (2552) Chess.com INT 2020 1-0 (31)}) ({RR} 16... Bb5 17. f4 Nd7 18. a4 Bxe2 19. Rf2 Nc5 20. Ra3 Bh5 21. g4 b5 22. axb5 axb5 23. b4 Nd7 24. gxh5 Qc7 25. Rc2 Qb7 26. Ra7 Qb6 27. Qxb6 Nxb6 28. Rxe7 Rfe8 29. Rxe8+ Rxe8 30. Ng4 Kg7 31. h6+ {Terry,R (2504)-Friedel,J (2552) Chess.com INT 2020 1-0 (31)}) 17. h3 f5 18. f4 Nf7 19. Nc4 Qb4 20. a3 Qxb3 21. Nb6 Rfd8 22. Kh2 e5 23. dxe6 Qxe6 24. e4 Bc6 25. Rae1 Re8 26. exf5 Qxf5 27. Bd5 Rxe1 28. Rxe1 Qc2+ 29. Kg1 Qc5 30. Qxc5 dxc5 31. Bxc6 bxc6 32. Nc4 Rb3 33. Kg2 Rc3 34. Re4 Kf8 35. g4 h5 36. a4 h4 37. Ne3 Nd6 38. Re6 Kf7 39. Rxd6 Rxe3 40. Rxc6 Rg3+ 41. Kh2 Rf3 42. Rc7+ Kg8 43. Rxc5 Rf2+ 44. Kg1 Rxf4 45. Rc6 Rxa4 46. Rxg6+ Kf7 47. Rh6 Kg7 48. Rxh4 Ra5 49. Kf2 Rg5 50. Ke3 a5 51. Kd4 a4 52. Kc3 a3 53. Kb3 Ra5 54. Ka2 Kg8 55. Rh6 Kg7 56. Rd6 Ra4 57. Rd3 Kg6 58. Rxa3 Re4 59. Ra5 Re3 60. Rh5 Rc3 61. Kb2 Rc8 62. Rf5 Rh8 63. Rf3 Kg5 64. Kc2 Kh4 65. Kd2 Ra8 66. Ke3 Ra2 67. Ke4 Ra1 68. Kf5 Ra4 69. Kg6 Ra6+ 70. Rf6 Ra5 71. Rf5 Ra6+ 72. Rf6 Ra4 73. g5 Kxh3 74. Kg7 Kg4 75. g6 Ra7+ 76. Rf7 Ra6 77. Rd7 Kg5 78. Rd5+ Kf4 79. Rd4+ Ke5 80. Rc4 Kf5 81. Rc5+ Ke4 82. Rc4+ Kd5 83. Rc1 1-0